Catálogo de la Biblioteca Horacio González - Universidad Nacional de General Sarmiento

Economía popular y vivienda : (Registro nro. 55440)

Detalles MARC
000 -CABECERA
campo de control de longitud fija 01606nam a22003130a 4500
001 - NÚMERO DE CONTROL
campo de control PT365
003 - IDENTIFICADOR DEL NÚMERO DE CONTROL
campo de control AR-LpoUNG
005 - FECHA Y HORA DE LA ÚLTIMA TRANSACCIÓN
campo de control 20260131014317.0
008 - DATOS DE LONGITUD FIJA--INFORMACIÓN GENERAL
campo de control de longitud fija 191001s1992||||ec |||||||||||||||||spa d
040 ## - FUENTE DE LA CATALOGACIÓN
Centro catalogador/agencia de origen AR-LpoUNG
Lengua de catalogación spa
Centro/agencia transcriptor AR-LpoUNG
Normas de descripción aacr
041 ## - CÓDIGO DE LENGUA
Código de lengua del texto/banda sonora o título independiente spa
044 ## - CÓDIGO DEL PAÍS DE LA ENTIDAD EDITORA/PRODUCTORA
Código MARC del país ec
082 0# - NÚMERO DE LA CLASIFICACIÓN DECIMAL DEWEY
Número de clasificación 334.01 787viv
100 1# - ENTRADA PRINCIPAL--NOMBRE DE PERSONA
Nombre de persona Coraggio, José Luis
9 (RLIN) 3
245 10 - MENCIÓN DE TÍTULO
Título Economía popular y vivienda :
Resto del título (entre el sistema global y el barrio)
260 ## - PUBLICACIÓN, DISTRIBUCIÓN, ETC.
Lugar de publicación, distribución, etc. Quito :
Nombre del editor, distribuidor, etc. Instituto Fronesis,
Fecha de publicación, distribución, etc. 1992.
300 ## - DESCRIPCIÓN FÍSICA
Extensión 30 p. :
Otras características físicas tbls.
520 ## - SUMARIO, ETC.
Sumario, etc. Sumario: El contexto mundial: la globalización desigual, el pronóstico del desastre, las recetas del poder global ante esta situación, la cuestión urbana en los 90; Las propuestas alternativas requieren nuevas hipótesis teóricas: las nuevas políticas en curso y sus fundamentos condicionan el significado de las propuestas alternativas, la respuesta popular, la necesidad de una refundación teórica para orientar la acción de signo popular, la propuesta de construcción de una economía popular urbana (EPU); Las políticas del estado y otros agentes desde la perspectiva de la economía popular: las políticas estatales como elemento parcial de una estrategia popular, en el barrio (algunas pautas para las intervenciones en vivienda-hábitat).
650 #4 - PUNTO DE ACCESO ADICIONAL DE MATERIA--TÉRMINO DE MATERIA
Término de materia o nombre geográfico como elemento de entrada CONDICIONES DE VIVIENDA
650 #4 - PUNTO DE ACCESO ADICIONAL DE MATERIA--TÉRMINO DE MATERIA
Término de materia o nombre geográfico como elemento de entrada DESARROLLO URBANO
650 #4 - PUNTO DE ACCESO ADICIONAL DE MATERIA--TÉRMINO DE MATERIA
Término de materia o nombre geográfico como elemento de entrada GLOBALIZACION
650 #4 - PUNTO DE ACCESO ADICIONAL DE MATERIA--TÉRMINO DE MATERIA
Término de materia o nombre geográfico como elemento de entrada NECESIDADES DE VIVIENDA
650 #4 - PUNTO DE ACCESO ADICIONAL DE MATERIA--TÉRMINO DE MATERIA
Término de materia o nombre geográfico como elemento de entrada PLANIFICACION DE VIVIENDA
650 #4 - PUNTO DE ACCESO ADICIONAL DE MATERIA--TÉRMINO DE MATERIA
Término de materia o nombre geográfico como elemento de entrada POBREZA
650 #4 - PUNTO DE ACCESO ADICIONAL DE MATERIA--TÉRMINO DE MATERIA
Término de materia o nombre geográfico como elemento de entrada PRECARISTAS
710 2# - PUNTO DE ACCESO ADICIONAL--NOMBRE DE ENTIDAD CORPORATIVA
Nombre de entidad corporativa o nombre de jurisdicción como elemento de entrada Instituto Fronesis (Quito)
905 ## - ELEMENTOS DE DATOS E LOCAL, LDE (RLIN)
a 365
942 ## - ELEMENTOS DE PUNTO DE ACCESO ADICIONAL (KOHA)
Tipo de ítem Koha Libro
Fuente del sistema de clasificación o colocación Dewey Decimal Classification
Existencias
Estado de retiro Estado de pérdida Estado dañado No para préstamo Código de colección Localización permanente Ubicación/localización actual Fecha de adquisición Total de préstamos Signatura topográfica completa Código de barras Fecha visto por última vez Precio válido a partir de Tipo de ítem Koha
        Colección General Biblioteca Universidad Nacional de General Sarmiento Biblioteca Universidad Nacional de General Sarmiento 02/02/2021   334.01 787viv 00000481 02/02/2021 02/02/2021 Libro